[Event "Saint Louis Invitational A 2017"]
[Site "Saint Louis"]
[Date "2017.11.20"]
[Round "7"]
[White "Burke, John M"]
[Black "Ashwin, Jayaram"]
[Result "1/2-1/2"]
[WhiteElo "2502"]
[BlackElo "2474"]
[Annotator "TA"]
[PlyCount "44"]
[EventDate "2017.??.??"]
[EventType "tourn"]
[EventCountry "USA"]
[SourceTitle "playchess.com"]
[Source "ChessBase"]
[SourceQuality "1"]

{[%evp 19,44,20,28,12,12,4,17,8,26,-7,-7,-7,-6,0,-12,-6,-8,-6,-6,-9,0,0,0,-8,-17,-13,0]} 1. e4 e6 2. d4 d5 3. Nd2 c5 4. Ngf3 cxd4 5. exd5 Qxd5 6. Bc4 Qd7 {C07: Französische Verteidigung (Tarrasch-Variante)} (6... Qd6 7. O-O Nf6 8. Nb3 Nc6 9. Nbxd4 Nxd4 10. Nxd4 a6 11. Re1 Qc7 12. Bf1 Bd6 13. Nf5 Bxh2+ 14. Kh1 Kf8 15. Qd4 exf5 16. Qxf6 h6 17. Qd4 Bd6 18. Bd2 Be6 19. Bc3 Rh7 {0-1 (48) Karjakin,S (2781)-Caruana,F (2808) Paris 2017}) 7. O-O Nc6 8. Nb3 Nf6 9. Nbxd4 Nxd4 10. Nxd4 a6 {LiveBook: 114 Partien} 11. Re1 Bc5 12. Be3 Qc7 13. Bb3 O-O 14. Qf3 Bd6 $146 {Die Stellung ist ausgeglichen.} 15. Qh3 e5 {[%cal Be6e5,Be5e4][%mdl 32]} 16. Nf5 e4 $1 17. Bg5 {[#] Droht stark Lxf6.} Bxf5 18. Qxf5 Bxh2+ 19. Kh1 $132 {[%mdl 2048] Weiss puts up resistance} Qe5 20. Qxe5 Bxe5 21. Bxf6 Bxf6 22. Bd5 Rac8 {Precision: Weiß = 50%, Schwarz = 65%.} 1/2-1/2

[Event "Saint Louis Invitational A 2017"]
[Site "Saint Louis"]
[Date "2017.11.20"]
[Round "7"]
[White "Hambleton, Aman"]
[Black "Shetty, Atulya"]
[Result "1/2-1/2"]
[WhiteElo "2484"]
[BlackElo "2403"]
[Annotator "TA"]
[PlyCount "120"]
[EventDate "2017.??.??"]
[EventType "tourn"]
[EventCountry "USA"]
[SourceTitle "playchess.com"]
[Source "ChessBase"]
[SourceQuality "1"]

{[%evp 19,120,11,47,36,41,44,52,37,40,50,66,49,71,37,73,75,70,75,70,73,70,68,64,53,59,58,61,68,77,70,71,71,71,71,71,71,72,68,87,75,81,68,59,34,76,31,47,8,15,15,73,73,73,73,73,73,73,35,70,0,79,41,43,39,120,120,141,133,141,152,82,68,68,68,68,29,29,29,29,29,31,29,29,27,27,27,27,27,27,30,32,-8,68,68,68,68,68,68,68,61,61,61,61]} 1. c4 e5 2. g3 Nc6 3. Bg2 Nf6 4. Nc3 Bc5 5. Nf3 d6 6. e3 a6 7. O-O O-O 8. d4 {A29: English Opening: Four Knights Variation with 4 g3} (8. a3 Ba7 9. b3 Bf5 10. d3 Qd7 11. Ng5 h6 12. Nge4 Nxe4 13. dxe4 Bh3 14. Bxh3 Qxh3 15. Nd5 Qd7 {0-1 (56) Kovalenko,I (2684)-Ponomariov,R (2709) Tallinn 2016}) 8... Ba7 9. h3 Bf5 10. b3 h6 {LiveBook: 4 Games} 11. g4 $146 ({Predecessor:} 11. dxe5 dxe5 12. Ba3 Re8 13. Qxd8 Raxd8 14. Rfd1 e4 15. Ne1 Rxd1 16. Rxd1 {½-½ (46) Miezis,N (2498)-Tregubov,P (2584) Flims 2016}) 11... Bh7 12. dxe5 dxe5 13. Ba3 {Strongly threatening g5.} Re8 14. Qxd8 Raxd8 15. Rfd1 e4 16. Nh2 {[%cal Bf3h2,Bh2f1,Bf1d2][%mdl 32]} Rxd1+ 17. Rxd1 Ne5 18. Nf1 Nf3+ 19. Bxf3 exf3 20. Nd2 Bg6 21. Kh2 Rd8 {[#] And now ...Bc2 would win.} 22. Nxf3 Rxd1 23. Nxd1 c6 24. Kg2 Bc2 25. Nc3 Ne4 26. Nxe4 Bxe4 $16 {[%mdl 4096] Endgame KBB-KBN} 27. Bd6 Bb6 28. Kg3 f6 29. Nd2 Bd3 30. Kf3 Kf7 31. Bb4 g6 32. Bc3 f5 33. e4 fxe4+ 34. Nxe4 Ke6 (34... Bb1 $11 {keeps the balance.}) 35. Bd2 h5 36. Be3 hxg4+ 37. hxg4 Ke5 38. Bf4+ Ke6 39. Be3 Ke5 40. Nc3 Ba5 41. Bf4+ Kd4 (41... Ke6 $14 42. Na4 Bb4) 42. Ne2+ Kc5 {[#]} 43. Ke3 $1 {[%cal Re3d3]} Bc2 44. Nd4 Bb1 45. a3 Bd2+ $1 46. Kxd2 Kxd4 $14 {KB-KB} 47. Be3+ Ke4 48. Kc3 Bd3 49. Kb4 Bc2 50. c5 Bd1 51. Ka5 Bxb3 52. Kb6 a5 53. Kxa5 Bc4 54. Kb6 Ba6 $1 55. f4 Kd5 ({Black should try} 55... Kxe3 $11 56. f5 gxf5 57. gxf5 Kd4) 56. Kc7 {White is slightly better.} Ke6 57. Bd4 Kf7 58. a4 {[%cal Ba3a4,Ba4a5][%mdl 32]} Ke6 59. a5 Kf7 60. Kd6 Bb5 {Precision: White = 62%, Black = 66%.} 1/2-1/2

[Event "Saint Louis Invitational A 2017"]
[Site "Saint Louis"]
[Date "2017.11.20"]
[Round "7"]
[White "Gurevich, Daniel"]
[Black "Zierk, Steven"]
[Result "1/2-1/2"]
[WhiteElo "2471"]
[BlackElo "2493"]
[Annotator "TA"]
[PlyCount "111"]
[EventDate "2017.??.??"]
[EventType "tourn"]
[EventCountry "USA"]
[SourceTitle "playchess.com"]
[Source "ChessBase"]
[SourceQuality "1"]

{[%evp 24,111,43,39,37,38,34,38,43,29,34,0,0,0,0,0,0,0,0,0,0,0,17,13,18,12,12,13,20,0,0,0,0,0,0,0,0,0,0,0,0,0,0,0,0,0,10,10,58,8,8,0,11,0,0,0,0,0,0,0,0,0,9,0,0,0,7,1,8,0,0,0,0,0,0,0,0,0,0,0,0,0,0,0,0,0,0,0,0,0]} 1. Nf3 c5 2. c4 Nf6 3. Nc3 Nc6 4. g3 g6 5. Bg2 Bg7 6. d4 cxd4 7. Nxd4 O-O 8. O-O Nxd4 9. Qxd4 d6 10. Qd3 Rb8 11. Bg5 {A39: Symmetrical English vs ...g6: 4 Bg2 Bg7 5 Nf3 Nf6 6 0-0 0-0 7 d4} (11. Be3 b6 12. Bd4 Bb7 13. Bxb7 Rxb7 14. Rfd1 Qc8 15. Rac1 Qh3 16. Qf3 Ng4 17. Qg2 Qxg2+ 18. Kxg2 Bxd4 19. Rxd4 Nf6 20. Nd5 Kg7 {1-0 (49) Svidler,P (2759)-Askarov,B (2409) Almaty 2016}) 11... Be6 12. Rac1 a6 13. b3 {LiveBook: 3 Games. White is slightly better.} Re8 14. Rfd1 Qa5 15. Bd2 $146 ({Predecessor:} 15. Qd2 Ng4 16. Nd5 Qxd2 17. Bxd2 Bxd5 18. Bxd5 Nf6 19. Bf3 {1-0 (35) Jarnuczak,D-Janssen,H Pinneberg 1999}) 15... Qh5 16. a4 Nd7 17. Nd5 Ne5 18. Qe4 Bf5 19. Nf4 $1 {[%cal Rf4h5]} Bxe4 20. Nxh5 Bxg2 21. Nxg7 Kxg7 22. Kxg2 Nd7 23. Be3 Rbc8 24. Rd5 Rc6 25. Rcd1 Rec8 26. f4 f5 27. Kf3 Kf7 28. a5 Nf6 29. R5d3 Ne4 30. Bb6 Nf6 31. h3 Nd7 32. Be3 Nc5 33. Bxc5 Rxc5 $11 {[%mdl 4096] Endgame KRR-KRR} 34. Rd5 R8c6 35. e4 Rxd5 36. Rxd5 {KR-KR} (36. exd5 {looks sharper.} Rc5 37. Ra1 e6 38. dxe6+ Kxe6 39. Ke3) 36... e6 {The position is equal.} 37. Rd4 Ke7 38. g4 fxe4+ 39. Kxe4 b6 40. axb6 Rxb6 41. Rd3 Rb8 42. f5 Rf8 {[%cal Rg6f5]} 43. Rf3 gxf5+ 44. gxf5 Rg8 45. fxe6 Kxe6 46. Kd4 a5 47. Re3+ Kd7 $1 48. Kc3 Rg2 49. Rd3 Kc6 50. Rd5 Rg3+ 51. Kb2 a4 52. bxa4 Rxh3 53. a5 Re3 54. Rh5 Re5 55. Rxh7 Rxa5 56. Kc3 {Precision: White = 55%, Black = 70%.} 1/2-1/2

[Event "Saint Louis Invitational A 2017"]
[Site "Saint Louis"]
[Date "2017.11.20"]
[Round "7"]
[White "Sturt, Raven"]
[Black "Chirila, Ioan-Cristian"]
[Result "1/2-1/2"]
[WhiteElo "2449"]
[BlackElo "2557"]
[Annotator "TA"]
[PlyCount "120"]
[EventDate "2017.??.??"]
[EventType "tourn"]
[EventCountry "USA"]
[SourceTitle "playchess.com"]
[Source "ChessBase"]
[SourceQuality "1"]

{[%evp 23,120,0,0,0,0,0,29,0,41,-5,48,68,58,47,60,12,101,98,105,96,105,56,249,60,55,44,43,0,0,4,144,124,365,0,0,-24,0,0,0,-23,-17,-17,-17,-18,-14,-84,-81,-138,-9,-12,-9,-72,-27,-39,-23,-27,-8,-10,0,0,0,0,0,0,0,0,0,0,0,-51,-27,-77,0,-80,-3,-1,0,0,0,0,0,0,0,0,0,0,8,8,8,0,0,0,0,0,0,0,0,0,0]} 1. d4 Nf6 2. c4 g6 3. Nc3 d5 4. cxd5 Nxd5 5. e4 Nxc3 6. bxc3 Bg7 7. Nf3 c5 8. Be3 Qa5 9. Qd2 O-O 10. Rc1 Bg4 11. Be2 Nd7 12. d5 {D85: Grünfeldindisch (Abtauschvariante, 7.Sf3 bzw nicht 7.Lc4)} c4 {LiveBook: 13 Partien} 13. Bd4 {[#]} (13. Bxc4 Rfc8 $17) 13... Rac8 $146 ({Vorgänger:} 13... Bxf3 14. gxf3 b5 15. Bxg7 Kxg7 16. h4 f6 17. f4 Nc5 18. Qe3 Rac8 19. h5 Qb6 {0-1 (44) Yilmaz,M (2594)-Radjabov,T (2739) Reykjavik 2015}) 14. Bxg7 Kxg7 15. O-O (15. h4 $5 {[%cal Rh4h5]}) 15... Rfd8 16. Rb1 Nb6 (16... Nc5 $11) 17. Rfe1 $14 Bxf3 18. Bxf3 (18. gxf3 e6 $17) 18... e6 {[%cal Re6d5]} 19. Bg4 {Droht stark Dd4+.} Rb8 (19... Qc5 $1 $11) 20. Qd4+ $16 Kg8 21. h4 $1 {[%cal Bh2h4,Bh4h5][%mdl 32]} Na4 (21... Qxa2 $2 22. h5 $18) 22. h5 ({Viel schwächer wäre} 22. Qxc4 $6 exd5 23. exd5 Nxc3 $11) 22... exd5 $2 (22... Qxc3 $14 23. Qxa7 Ra8 24. Qxb7 exd5) 23. e5 $2 (23. Rb4 $1 $18 {Weiss will mit h6 Matt setzen.} dxe4 24. Qf6) 23... Qc5 $1 $14 {[%cal Rc5d4]} ({Falsch wäre} 23... Nxc3 $2 24. e6 $1 $18 {[%mdl 512]}) 24. Qf4 Qe7 $1 (24... Nxc3 25. e6 $1 $16 {[%mdl 512]}) 25. Re3 (25. e6 $5 {[%cal Re6f7]} Nc5 26. exf7+ Qxf7 27. Qd4 $11) 25... Nc5 $36 {[%mdl 2048] [#] Schwarz hat Initiative.} 26. e6 $1 {[%mdl 512]} fxe6 (26... b6 $11) (26... Nxe6 27. Bxe6) 27. hxg6 $16 hxg6 $2 {[#]} (27... Rf8 $16 {ist wohl besser.} 28. gxh7+ Kh8 29. Qd4+ Qg7) 28. Rbe1 $2 (28. Rb5 $1 $18 {[%cal Rb5c5] Droht Txc5! und aus.} Nd3 29. Bxe6+ Qxe6 30. Qxb8 Rxb8 31. Rxe6) 28... Rf8 $1 $11 {[%cal Rf8f4]} 29. Bxe6+ Qxe6 30. Qh6 $1 Ne4 31. f3 Rf5 32. fxe4 Rh5 $1 {[%cal Rh5h6]} 33. Qf4 $1 {[%cal Rf4b8]} Rf8 34. Qg3 (34. exd5 $11 Qxd5 35. Qg4) 34... Qf6 $17 35. e5 (35. Rf3 $142 Rg5 36. Rxf6 Rxg3 37. Rd6) 35... Qg5 (35... Qf5 $17 {zielt auf ...Tg5 ab.} 36. Rd1 Rf7) 36. Qxg5 $11 Rxg5 {[%mdl 4096] Endspiel KTT-KTT} 37. e6 (37. Rb1 $11 {hält das Gleichgewicht.}) 37... Re8 (37... Kg7 {feels hotter.} 38. e7 Re8 39. a4 a6 40. Kf2 Rf5+) 38. Re5 Rxe5 39. Rxe5 $15 {KT-KT} a6 40. Kf2 Kg7 41. Rxd5 Kf6 42. Rc5 Kxe6 (42... b5 {with more complications.} 43. a4 Rb8 44. Rc6 bxa4 45. Ke3 Rb2) 43. Rxc4 Kd5 44. Rd4+ Kc5 45. Kf3 b5 46. Rd7 ({Günstiger ist} 46. Rg4 $11) 46... Re6 47. g4 {[#]} Rc6 ({Besser ist} 47... a5 $1 $17) 48. Rd4 (48. Ke3 $11) 48... a5 (48... Kb6 $17 49. Rd3 Rc4) 49. Ke3 {Die Stellung ist ausgeglichen.} Rf6 50. Rd8 Re6+ 51. Kd3 Re5 52. Rc8+ Kd5 53. Rb8 Kc5 54. Rc8+ Kd6 55. Ra8 Rd5+ 56. Ke4 {Und Td8+ würde nun gewinnen.} Re5+ 57. Kf3 a4 58. Ra6+ Ke7 59. Rxg6 Rc5 60. Rb6 Rxc3+ {Precision: Weiß = 48%, Schwarz = 38%.} 1/2-1/2

[Event "Saint Louis Invitational A 2017"]
[Site "Saint Louis"]
[Date "2017.11.21"]
[Round "8"]
[White "Chirila, Ioan-Cristian"]
[Black "Sadorra, Julio-Catalino"]
[Result "1/2-1/2"]
[WhiteElo "2557"]
[BlackElo "2558"]
[Annotator "TA"]
[PlyCount "50"]
[EventDate "2017.??.??"]
[EventType "tourn"]
[EventCountry "USA"]
[SourceTitle "playchess.com"]
[Source "ChessBase"]
[SourceQuality "1"]

{[%evp 16,50,0,-9,10,0,1,-16,-6,-12,-22,-25,0,-15,0,0,0,-9,0,-4,0,0,0,0,0,0,0,0,0,0,0,0,0,0,0,0,0]} 1. Nf3 d5 2. g3 Nf6 3. Bg2 e6 4. O-O Be7 5. b3 O-O 6. Bb2 b6 7. c4 Bb7 8. e3 c5 9. Qe2 {LiveBook: 326 Games} Qc8 {A14: English Opening: 1...e6 with b3 by White} (9... Nbd7 10. Rd1 Qc7 11. Nc3 a6 12. cxd5 Nxd5 13. Nxd5 Bxd5 14. e4 Bb7 15. d4 Rfe8 16. dxc5 bxc5 17. Nd2 Rad8 18. Nc4 Nb6 19. Be5 Qc6 {½-½ (58) Anand,V (2779)-Wojtaszek,R (2749) Doha 2016}) 10. d3 Rd8 11. Nbd2 Nc6 12. h3 $146 ({Predecessor:} 12. Rad1 Qc7 13. h3 a6 14. a3 b5 15. cxd5 exd5 16. Rc1 Qd6 17. Rc2 Re8 18. Rfc1 d4 19. e4 Bf8 20. g4 Rad8 21. Nh4 Nd5 22. Qf3 {0-1 (22) Becelic,D (2169)-Vulinovic,R (2198) Belgrade 2017}) 12... a5 13. a4 Nb4 14. Rad1 {The position is equal.} Ra7 {[%cal Ba8a7,Ba7d7,Bd7c7,Bc7c4][%mdl 32]} 15. Nb1 {[%cal Bd2b1,Bb1c3,Bc3b5,Bb5a7][%mdl 32]} dxc4 16. bxc4 Bc6 17. Nc3 Bxf3 18. Bxf3 Rad7 {[%cal Rb4d3]} 19. d4 cxd4 20. exd4 Rc7 21. Nb5 Rxc4 22. Na7 $1 {[%cal Ra7c8]} Qc7 23. Nb5 Qc8 24. Na7 $1 {[%cal Ra7c8]} Qc7 25. Nb5 Qc8 {Precision: White = 66%, Black = 54%.} 1/2-1/2

[Event "Saint Louis Invitational A 2017"]
[Site "Saint Louis"]
[Date "2017.11.21"]
[Round "8"]
[White "Burke, John M"]
[Black "Gurevich, Daniel"]
[Result "1/2-1/2"]
[WhiteElo "2502"]
[BlackElo "2471"]
[Annotator "TA"]
[PlyCount "85"]
[EventDate "2017.??.??"]
[EventType "tourn"]
[EventCountry "USA"]
[SourceTitle "playchess.com"]
[Source "ChessBase"]
[SourceQuality "1"]

{[%evp 16,85,0,-31,77,70,86,77,75,16,51,41,79,76,94,102,74,52,63,58,81,70,102,109,106,112,110,68,73,73,82,86,84,77,81,90,79,62,59,14,14,0,8,7,14,14,57,57,57,58,83,77,77,77,77,78,86,0,68,70,66,56,70,40,89,0,0,0,0,0,0,0]} 1. e4 c6 2. Nc3 d5 3. Nf3 Nf6 4. e5 Ne4 5. Ne2 Qb6 6. d4 {B11: Caro-Kann: Two Knights Variation} e6 7. Ng3 c5 8. Bd3 Nxg3 (8... Nc6 9. Nxe4 dxe4 10. Bxe4 cxd4 11. O-O Bd7 12. a3 h6 13. Re1 {1-0 (71) Short,N (2675)-Caruana,F (2827) Caleta 2017}) 9. fxg3 {LiveBook: 3 Games} c4 $146 (9... cxd4 $15 {stays ahead.} 10. Qe2 h6) ({Predecessor:} 9... h6 10. O-O Nc6 11. dxc5 Bxc5+ 12. Kh1 Qc7 13. Qe2 {½-½ (28) Rambaldi,F (2559)-Shimanov,A (2642) New York 2017}) 10. Be2 $16 Be7 11. O-O Nc6 12. g4 (12. b3 $16) 12... Bd7 13. c3 f6 14. exf6 gxf6 15. g5 O-O-O 16. gxf6 Bxf6 17. Kh1 Rhg8 18. b3 cxb3 19. axb3 e5 20. dxe5 Nxe5 21. Nxe5 Bxe5 22. Qxd5 Qg6 23. Bf3 {[%csl Gf3][%cal Rd5b7]} ({But not} 23. Rxa7 $2 Bc6 $19) 23... Bc6 {[#]} 24. Qc4 $1 {Threatens to win with Be3.} Rdf8 {White must now prevent ...Rxf3!} 25. Bxc6 Qxc6 26. Qxc6+ (26. Rxf8+ {with more complications.} Rxf8 27. Qg4+ Kb8 28. Be3 a6 29. Rc1) 26... bxc6 {[%cal Rf8f1]} 27. Be3 {Strongly threatening Rfc1.} (27. Rd1 {looks sharper.} Rd8 28. Bd2 Rge8 29. Be1 Rxd1 30. Rxd1 a5 31. c4) 27... Bxc3 28. Rxf8+ Rxf8 $11 {[%mdl 4096] Endgame KRB-KRB} 29. Rc1 Bb2 30. Rb1 Re8 31. Bxa7 Re2 32. g3 Kb7 33. Bg1 Kc7 34. Rf1 Kd6 35. Rf7 h6 36. Bf2 (36. Rf2 $16 Rxf2 37. Bxf2) 36... Bc1 (36... c5 $11) 37. Kg2 $14 Rb2 38. Rf3 Ke5 39. h4 Ke4 40. g4 ({Better is} 40. Rc3 $16 Bd2 41. Rxc6) 40... Bf4 $11 {The position is equal.} 41. Rh3 Be5 42. g5 hxg5 (42... Bd4 $5 43. Rf3 $8 hxg5 44. hxg5 Bxf2 45. Rxf2 Rxb3 $11) 43. hxg5 {Precision: White = 63%, Black = 39%.} 1/2-1/2

[Event "Saint Louis Invitational A 2017"]
[Site "Saint Louis"]
[Date "2017.11.21"]
[Round "8"]
[White "Zierk, Steven"]
[Black "Hambleton, Aman"]
[Result "1/2-1/2"]
[WhiteElo "2493"]
[BlackElo "2484"]
[Annotator "TA"]
[PlyCount "73"]
[EventDate "2017.??.??"]
[EventType "tourn"]
[EventCountry "USA"]
[SourceTitle "playchess.com"]
[Source "ChessBase"]
[SourceQuality "1"]

{[%evp 30,73,42,40,49,10,16,16,10,4,42,0,4,5,5,5,5,6,50,50,50,50,50,49,50,59,78,22,31,19,7,0,31,41,37,0,31,18,23,0,0,0,0,0,61,0]} 1. e4 c5 2. Nf3 e6 3. d4 cxd4 4. Nxd4 Nc6 5. Nc3 Qc7 6. g3 a6 7. Bg2 Nf6 8. O-O Nxd4 9. Qxd4 Bc5 10. Bf4 d6 11. Qd2 h6 12. Rad1 e5 13. Be3 Bg4 14. Bxc5 dxc5 15. Qd6 {B47: Sicilian: Taimanov: 5 Nc3 Qc7 6 f4, 6 g3 and 6 Be2} Qxd6 16. Rxd6 {LiveBook: 3 Games} Nd7 17. Nd5 $146 {White wants to play f3.} ({Predecessor:} 17. f4 O-O-O 18. f5 Bh5 19. Bf3 Bxf3 20. Rxf3 Nf6 21. Rfd3 Rxd6 22. Rxd6 {½-½ (46) Raetsky,A (2405)-Ivanisevic,I (2662) Biel 2015}) 17... O-O-O $1 18. f4 Be6 19. Rd1 Nf6 (19... Nb8 $5 {[%cal Rd8d6]} 20. Nb6+ (20. fxe5 Nd7 $11) 20... Kc7 21. fxe5 Nd7 22. Nxd7 Rxd7 $14) 20. fxe5 Nd7 21. Nf4 Nxe5 22. Nxe6 fxe6 23. Bh3 Kc7 24. Rxd8 Rxd8 25. Rxd8 Kxd8 26. Bxe6 $14 {[%mdl 4096] Endgame KB-KN} g5 27. Kf2 a5 28. h4 (28. a4 $16) 28... Ke7 29. Bd5 {Hoping for hxg5.} b5 {[%cal Bb7b5,Bb5b4][%mdl 32]} 30. Ke3 b4 31. hxg5 hxg5 32. Kd2 Nf3+ 33. Ke2 Ne5 34. c3 bxc3 35. bxc3 Kd6 36. Kd2 Kc7 ({Black should try} 36... Ng4 $11) 37. Ke3 {Precision: White = 32%, Black = 55%.} (37. Kc2 $1 $14) 1/2-1/2

[Event "Saint Louis Invitational A 2017"]
[Site "Saint Louis"]
[Date "2017.11.21"]
[Round "8"]
[White "Ashwin, Jayaram"]
[Black "Bartholomew, John"]
[Result "1/2-1/2"]
[WhiteElo "2474"]
[BlackElo "2442"]
[Annotator "TA"]
[PlyCount "119"]
[EventDate "2017.??.??"]
[EventType "tourn"]
[EventCountry "USA"]
[SourceTitle "playchess.com"]
[Source "ChessBase"]
[SourceQuality "1"]

{[%evp 17,119,17,34,25,23,26,21,-1,2,0,1,-7,0,-11,-11,-57,-57,-58,-60,-59,-37,-54,-60,-28,0,0,0,0,0,-18,-5,-50,-41,-62,-62,-75,-62,-62,-62,-61,-54,-55,-55,-54,-54,-55,-55,-58,-62,-65,-70,-73,-74,-87,-88,-102,-102,-92,-37,-29,0,0,0,0,0,0,0,0,0,-52,0,0,0,-62,-62,-54,0,0,0,0,0,0,0,0,0,0,0,-15,0,0,0,0,0,0,0,0,0,0,0,0,0,0,0,0]} 1. d4 d5 2. Nf3 Nf6 3. Bf4 c5 4. e3 cxd4 5. exd4 Nc6 6. c3 a6 {B13: Caro-Kann: Exchange Variation and Panov-Botvinnik Attack} (6... Bg4 7. Qb3 Na5 8. Qa4+ Bd7 9. Qc2 Nc6 10. Nbd2 Rc8 11. Qb3 Na5 12. Qd1 Nc6 13. h3 g6 14. Bd3 Bg7 {1-0 (40) Anand,V (2783)-Santos Latasa,J (2542) Leon 2017}) 7. Bd3 Bg4 8. Nbd2 e6 9. Qb3 Qc8 {LiveBook: 4 Games} 10. h3 Bh5 11. Nh4 $146 ({Predecessor:} 11. Ne5 Be7 12. O-O O-O 13. Rfe1 Nxe5 14. Bxe5 {½-½ (40) Sveshnikov,E (2512)-Spassov,L (2335) Golden Sands 2013}) 11... Be7 12. g4 Bg6 13. Nxg6 hxg6 14. Qd1 e5 15. dxe5 Nxg4 16. Qe2 Qe6 $1 {[%cal Rg4e5]} 17. Nf3 Rh5 $1 18. O-O-O Ngxe5 19. Nxe5 Nxe5 20. Bc2 O-O-O 21. Rhe1 {[%cal Rf4e5]} Bd6 22. Bg3 Bc7 23. h4 Qf6 24. Qe3 Nc6 25. Bb3 Bxg3 26. fxg3 d4 27. cxd4 Nxd4 28. Kb1 Nxb3 29. Rxd8+ Qxd8 30. Qxb3 $15 {[%mdl 4096] Endgame KQR-KQR} Rd5 31. a3 Kb8 32. Qa4 {Re8 is the strong threat.} Qf6 33. Re8+ Ka7 34. Qc4 Rb5 {[%csl Gb5][%cal Rf6b2]} 35. Qe2 Qd4 36. Ka2 f6 37. Qc2 a5 (37... g5 $17 38. hxg5 Rxg5) 38. Re7 Qd5+ 39. Ka1 Qh1+ 40. Qb1 Qxb1+ (40... Qg2 {is interesting.} 41. Rxg7 Rb3 42. Qc1 Qd5 43. Qg1+ Ka6) 41. Kxb1 $11 {KR-KR} Rb3 42. Rxg7 Rxg3 {[#]} 43. Rf7 ({White should try} 43. h5 $1 $11 {[%mdl 512]}) 43... Rf3 (43... g5 $1 $15 44. h5 Rh3) 44. Rg7 Rg3 {[#]} 45. Rf7 (45. h5 $1 $11 {[%mdl 512]}) 45... g5 $1 $15 46. h5 Rf3 (46... Rh3 $15) 47. h6 $11 {The position is equal.} g4 48. Ka2 Rf2 49. h7 Rh2 50. Rxf6 Rxh7 51. Rg6 Rh4 52. a4 b6 53. Rg7+ Ka6 54. Kb3 Rh3+ 55. Kc2 Rg3 56. b3 Rg2+ 57. Kb1 g3 58. Kc1 Rg1+ 59. Kb2 Rg2+ (59... b5 $5 60. Rg6+ $8 Kb7 61. axb5 Kc7 $11) 60. Kb1 {Precision: White = 72%, Black = 63%.} 1/2-1/2

[Event "Saint Louis Invitational A 2017"]
[Site "Saint Louis"]
[Date "2017.11.21"]
[Round "8"]
[White "Shetty, Atulya"]
[Black "Sturt, Raven"]
[Result "0-1"]
[WhiteElo "2403"]
[BlackElo "2449"]
[Annotator "TA"]
[PlyCount "88"]
[EventDate "2017.??.??"]
[EventType "tourn"]
[EventCountry "USA"]
[SourceTitle "playchess.com"]
[Source "ChessBase"]
[SourceQuality "1"]

{[%evp 11,88,10,5,-27,-14,-20,-12,-20,-14,-35,-22,-31,-29,-57,-52,-57,-56,-50,-47,-43,-44,-55,-44,-55,-50,-88,-75,-81,-58,-128,-79,-88,-92,-129,-126,-125,-112,-134,-42,-59,-64,-119,-124,-131,-125,-124,-108,-113,-119,-115,-108,-183,-122,-102,-24,-372,-228,-231,-225,-231,-227,-667,-667,-937,-923,-899,-877,-1181,-863,-1576,-1542,-1209,-813,-889,-700,-670,-637,-972,-955]} 1. c4 c5 2. g3 Nc6 3. Bg2 g6 4. Nc3 Bg7 5. Nf3 d6 6. O-O Bf5 {LiveBook: 196 Games} 7. Qa4 {A37: Symmetrical English vs ...g6: 4 Bg2 Bg7 5 Nf3} (7. h3 Rb8 8. d3 Nf6 9. Be3 O-O 10. Qd2 a6 11. Bh6 b5 12. Nd5 Re8 13. Bxg7 Kxg7 14. Nxf6 exf6 {0-1 (79) Kuzubov,Y (2637)-Anton Guijarro,D (2660) Minsk 2017}) 7... Qd7 8. Nd5 {aiming for Nb6!} Rc8 9. d3 {The position is equal.} Bh3 10. Rb1 $146 {Threatening Bxh3.} ({Predecessor:} 10. Bxh3 Qxh3 11. Rb1 Qd7 12. Bd2 e6 13. Nc3 Nge7 14. a3 b6 {½-½ (42) Ivanov,J (2408)-Wirig,A (2491) Sautron 2009}) 10... Bxg2 11. Kxg2 e6 12. Nc3 Nge7 13. a3 O-O 14. Bd2 b6 15. b4 f5 16. Qd1 h6 17. b5 Nd4 18. e3 Nxf3 19. Qxf3 d5 20. Rbd1 (20. cxd5 $15 g5 21. h4) 20... Rcd8 21. Be1 e5 22. a4 g5 23. cxd5 Nxd5 {[%cal Be7d5,Bd5b4,Bb4d3][%mdl 32]} 24. e4 g4 (24... Nb4 $17 25. exf5 Rxf5) 25. Qe2 $15 Nb4 26. exf5 ({White should play} 26. f3 $15) 26... Qxf5 $17 {[%cal Rb4d3]} 27. f3 gxf3+ ({Don't play} 27... Rxd3 28. Rxd3 Qxd3 29. Qxd3 $15) 28. Rxf3 Qxf3+ 29. Qxf3 Rxf3 30. Kxf3 Nxd3 31. Ne4 (31. Ke2 $17 c4 32. Bf2) 31... Rd4 (31... Nxe1+ $19 32. Rxe1 Kf7) 32. a5 c4 ({Better is} 32... Nxe1+ $17 33. Rxe1 Kh7) 33. Nf2 $2 {[%mdl 8192] [#]} (33. axb6 $11 axb6 34. Bc3) 33... e4+ $1 {[%mdl 512]} 34. Ke3 (34. Nxe4 Ne5+) 34... Nxe1 35. Rxe1 bxa5 36. Nxe4 $2 $19 {[%mdl 4096] Endgame KRB-KRN} (36. Ra1) 36... a4 {[%cal Ba5a4,Ba4a3,Ba3a2][%mdl 32] Black is clearly winning.} 37. Re2 Rd3+ 38. Kf4 a3 39. Kf5 Kf7 40. Rc2 Bb2 41. Rxc4 Rd5+ 42. Kf4 a2 43. Rc7+ Ke6 {[#] ( -> ...Be5+)} 44. Rc6+ Kd7 {Precision: White = 25%, Black = 65%.} 0-1